[Event "Negambo op 4th"]
[Site "Negambo"]
[Date "2018.08.18"]
[Round "5"]
[White "Kodithuwakku, Himsara"]
[Black "Pieris, TDR"]
[Result "1/2-1/2"]
[WhiteElo "1600"]
[BlackElo "1970"]
[PlyCount "85"]
[EventDate "2018.08.16"]
[EventType "swiss"]
[EventRounds "10"]
[EventCountry "SRI"]
[SourceTitle "CBM 186 Extra"]
[Source "ChessBase"]
[SourceDate "2018.08.24"]
[SourceVersion "1"]
[SourceVersionDate "2018.08.24"]
[SourceQuality "1"]

1. d4 Nf6 2. Bf4 g6 3. Nf3 Bg7 4. e3 d6 5. c4 Nh5 6. Bg3 Bg4 7. Be2 Nd7 8. Nc3 0-0 9. 0-0 Nxg3 10. hxg3 e5 11. b4 c6 12. Rc1 Qe7 13. b5 e4 14. Nd2 Bxe2 15. Qxe2 f5 16. Rb1 Nf6 17. Nb3 Rac8 18. bxc6 bxc6 19. c5 d5 20. Na5 Rc7 21. Qa6 Rfc8 22. Rb3 Ng4 23. Ne2 g5 24. Rb7 Qe6 25. Rfb1 Qh6 26. Qxa7 Rxb7 27. Qxb7 Rf8 28. Qxc6 Qh2+ 29. Kf1 Qh1+ 30. Ng1 Nh2+ 31. Ke2 Qxg2 32. Qxd5+ Kh8 33. Qd6 Ng4 34. Rf1 f4 35. gxf4 gxf4 36. exf4 Nh2 37. Rb1 Nf3 38. Nxf3 Qxf3+ 39. Kd2 Qd3+ 40. Kc1 Qc3+ 41. Kd1 Qd3+ 42. Kc1 Qc3+ 43. Kd1 1/2-1/2

[Event "Negombo op 3rd"]
[Site "Negambo"]
[Date "2017.08.23"]
[Round "7"]
[White "De Silva, Osheen"]
[Black "Kodithuwakku, Himsara"]
[Result "1-0"]
[WhiteElo "1902"]
[BlackElo "1502"]
[PlyCount "135"]
[EventDate "2017.08.20"]
[EventType "swiss"]
[EventRounds "10"]
[EventCountry "SRI"]
[SourceTitle "CBM 180 Extra"]
[Source "ChessBase"]
[SourceDate "2017.10.06"]
[SourceVersion "1"]
[SourceVersionDate "2017.10.06"]
[SourceQuality "1"]

1. e4 d6 2. d4 Nf6 3. Nc3 c6 4. f4 b5 5. Bd3 a6 6. Nce2 g6 7. Nf3 Bg7 8. Be3 Nbd7 9. Qd2 Bb7 10. Ng3 Ng4 11. Bg1 Qc7 12. h3 Ngf6 13. Be3 e5 14. c3 c5 15. fxe5 dxe5 16. d5 Qd6 17. 0-0-0 0-0-0 18. b3 Rhf8 19. c4 b4 20. Bg5 Rde8 21. Rhf1 Ng8 22. Nh2 f6 23. Be3 Ne7 24. Qc2 a5 25. Rf2 Kb8 26. Rdf1 Ng8 27. Qd2 Bc8 28. Bc2 Kb7 29. Ne2 Kb8 30. g4 Nb6 31. Ng3 Kb7 32. Nf3 h6 33. Ne1 Nd7 34. Rg2 Kb8 35. Nd3 Kb7 36. a3 Kc7 37. Qf2 bxa3 38. Nxc5 Nb8 39. Qd2 Na6 40. Qxa5+ Kb8 41. Qxa3 h5 42. Nxa6+ Qxa6 43. Qxa6 Bxa6 44. gxh5 Bc8 45. Rh2 gxh5 46. Nxh5 Bh8 47. Ng3 Rf7 48. Nf5 Rh7 49. h4 Bg7 50. h5 Bh6 51. Nxh6 Nxh6 52. Bxh6 Rxh6 53. Rg1 Rf8 54. Rg6 Rh7 55. h6 f5 56. exf5 Bxf5 57. Bxf5 Rxf5 58. Rg7 Rf1+ 59. Kb2 Rh8 60. h7 Rff8 61. Kc3 Rf3+ 62. Kb4 Rff8 63. Kc5 Rc8+ 64. Kb6 Rcf8 65. d6 e4 66. Ra2 Rf6 67. Rb7+ Kc8 68. Ra8# 1-0